Los fundamentos conservadores del orden liberal

Saved in:
Bibliographic Details
Main Author: Mahoney, Daniel J. (autor)
Format: Book
Language:Spanish
Published: Santiago Instituto de Estudios de la Sociedad 2010
Edition:1a. ed
Subjects:
Tags: Add Tag
No Tags, Be the first to tag this record!

MARC

LEADER 00000cam a2200000 a 4500
001 UCD6147
003 CL-VaPUC
008 161118e20100000cl |||||||||||||||||spa|d
020 |a 9789568639259 
082 0 4 |a 321.8  |b MAH  |2 21 
100 |a Mahoney, Daniel J.  |e autor  |9 589840 
245 1 4 |a Los fundamentos conservadores del orden liberal 
250 |a 1a. ed 
300 |a 188 p 
942 |c BK 
945 |d 20161118 09:36:00  |a arojas 
260 |a Santiago  |b Instituto de Estudios de la Sociedad  |c 2010 
650 7 |a FILOSOFIA POLITICA  |2 CL-VaPUC  |9 589841 
650 0 |a Democracia  |9 255256 
650 7 |a CONSERVADORES  |2 CL-VaPUC  |9 336864 
650 7 |a ORDEN POLITICO  |2 CL-VaPUC  |9 391801 
583 |a last modification  |c 20161118 09:36:00  |k Rodrigo Vera 
999 |c 366522  |d 366520 
952 |0 0  |1 0  |3 erb  |4 0  |6 321_800000000000000_MAH_2010  |7 0  |8 A  |9 480805  |a BIBEDU  |b BIBEDU  |i 5348099  |o 321.8 MAH 2010  |p 5348099  |r 2019-11-24  |w 2019-11-24  |y BK  |z Catalogado en:20161118  |k FIL